000 01603cam a22004333a 4500
001 4230
003 FISKH
005 20240705113007.0
008 970109s1996 nyuac j 000 0beng d
010 _a 97810296
020 _a0590688529
020 _a0590688812
020 _a9780590688819
035 _a(OCoLC)ocm36180657
040 _aPBE
_cPBE
_dSPP
_dOHI
_dCPL
_dOCL
_dDLC
_beng
041 0 _aengspa
050 _aE57
082 _a796.357092
100 1 _aEngel, Trudie.
245 1 0 _aWe'll never forget you, Roberto Clemente /
_cby Trudie Engel.
260 _aNew York :
_bScholastic,
_c1996.
300 _a106 pages :
_billustrations ;
_c20 cm
440 0 _aScholastic biography
500 _aHas some Spanish text.
505 _aR
520 _aTraces the baseball career of the Puerto Rican who, though his life was cut short by a tragic accident, will always be remembered as an outstanding athlete and humanitarian, and the first Latin-American player to be voted to the Hall of Fame.
521 0 _a680
_bLexile
521 1 _aR
_bRaz-Plus
600 1 0 _aClemente, Roberto,
_d1934-1972
_vJuvenile literature.
600 1 0 _aClemente, Roberto,
_d1934-1972.
610 2 0 _aPittsburgh Pirates (Baseball team)
_vJuvenile literature.
650 0 _aBaseball players
_zUnited States
_vBiography
_vJuvenile literature.
650 0 _aPuerto Ricans
_zUnited States
_vBiography
_vJuvenile literature.
650 0 _aBaseball players.
650 0 _aPuerto Ricans
_vBiography.
906 _a7
_bcbc
_ccopycat
_d2
_encip
_f19
_gy-genrareb
942 _2ddc
_cBK
_n0
999 _c4230
_d4230